Спортивная биохимия с основами спортивной фармакологии: учебное пособие для вузов

Detalles Bibliográficos
Autor Corporativo: Национальный исследовательский Томский политехнический университет (ТПУ)
Otros Autores: Капилевич Л. В. Леонид Владимирович, Дьякова Е. Ю. Елена Юрьевна, Кошельская Е. В. Елена Владимировна, Андреев В. И. Владимир Игоревич
Sumario:В пособии излагаются основные сведения по биохимии спорта: задачи и методы данной науки, механизмы обмена веществ и энергии, роль отдельных компонентов пищи в оомене веществ. Особое внимание уделяется проблеме питания спортсменов. Отдельный раздел посвящен спортивной фармакологии - допингам и опасности их применения, а также препаратам, разрешенным к применению в спорте. Предназначено для студентов высших учебных заведений, обучающихся по педагогическим специальностям в области физической культуры и спорта.
Lenguaje:ruso
Publicado: Москва, Юрайт, 2019
Colección:Университеты России
Materias:
Formato: Libro
KOHA link:https://koha.lib.tpu.ru/cgi-bin/koha/opac-detail.pl?biblionumber=343563

MARC

LEADER 00000nam0a2200000 4500
001 343563
005 20231227121432.0
010 |a 9785534118902 
010 |a 978-5-98298-987-1 
035 |a (RuTPU)RU\TPU\book\373973 
035 |a RU\TPU\book\245345 
090 |a 343563 
100 |a 20121101d2019 m y0rusy50 ca 
101 0 |a rus 
102 |a RU 
105 |a y j 001zy 
200 1 |a Спортивная биохимия с основами спортивной фармакологии  |e учебное пособие для вузов  |f Л. В. Капилевич [и др.]  |g Национальный исследовательский Томский политехнический университет (ТПУ) 
210 |a Москва  |c Юрайт  |a Томск  |c Изд-во ТПУ  |d 2019 
215 |a 152 с. 
225 1 |a Университеты России 
320 |a Библиогр.: с. 151 
330 |a В пособии излагаются основные сведения по биохимии спорта: задачи и методы данной науки, механизмы обмена веществ и энергии, роль отдельных компонентов пищи в оомене веществ. Особое внимание уделяется проблеме питания спортсменов. Отдельный раздел посвящен спортивной фармакологии - допингам и опасности их применения, а также препаратам, разрешенным к применению в спорте. Предназначено для студентов высших учебных заведений, обучающихся по педагогическим специальностям в области физической культуры и спорта. 
606 1 |a Физическая культура и спорт  |x Биохимия  |2 stltpush  |3 (RuTPU)RU\TPU\subj\63793  |9 80730 
610 1 |a спорт 
610 1 |a спортивная биохимия 
610 1 |a спортивная фармакология 
610 1 |a химический состав 
610 1 |a организм человека 
610 1 |a обмен веществ 
610 1 |a метаболизм 
610 1 |a пищеварение 
610 1 |a витамины 
610 1 |a спортсмены 
610 1 |a гормоны 
610 1 |a кровь 
610 1 |a почки 
610 1 |a моча 
610 1 |a мышечная система 
610 1 |a мышечная деятельность 
610 1 |a спортивная работоспособность 
610 1 |a питание 
610 1 |a допинг 
610 1 |a адаптогены 
610 1 |a ноотропы 
610 1 |a иммуномодуляторы 
610 1 |a антиоксиданты 
610 1 |a биологически активные вещества 
610 1 |a биологически активные добавки 
610 1 |a лекарственные средства 
610 1 |a перенапряжения 
610 1 |a фармакологические средства 
610 1 |a острые отравления 
610 1 |a генетический допинг 
610 1 |a учебные пособия 
610 1 |a труды учёных ТПУ 
675 |a 796.012.1(075.8)  |v 3 
701 1 |a Капилевич  |b Л. В.  |c специалист в области физической культуры и спорта  |c профессор Томского политехнического университета, доктор медицинских наук  |f 1963-  |g Леонид Владимирович  |3 (RuTPU)RU\TPU\pers\24823  |9 11028 
701 1 |a Дьякова  |b Е. Ю.  |c доцент Томского политехнического университета, кандидат медицинских наук  |c кафедра спортивных дисциплин Томского политехнического университета  |g Елена Юрьевна  |3 (RuTPU)RU\TPU\pers\29278 
701 1 |a Кошельская  |b Е. В.  |c специалист по учебно-методической работе Томского политехнического университета  |g Елена Владимировна  |3 (RuTPU)RU\TPU\pers\29279 
701 1 |a Андреев  |b В. И.  |c специалист в области физической культуры и спорта  |c профессор Томского политехнического университета, доктор педагогических наук  |f 1954-  |g Владимир Игоревич  |3 (RuTPU)RU\TPU\pers\24802  |9 11017 
712 0 2 |a Национальный исследовательский Томский политехнический университет (ТПУ)  |c (2009- )  |3 (RuTPU)RU\TPU\col\15902 
801 1 |a RU  |b 63413507  |c 20191010 
801 2 |a RU  |b 63413507  |c 20191120  |g RCR 
942 |c BK